[Event "Riga Tech op-A"]
[Site "Riga"]
[Date "2023.08.11"]
[Round "7"]
[White "Kretainis, Kristaps"]
[Black "Schreiner, Peter"]
[Result "0-1"]
[WhiteElo "2182"]
[BlackElo "2391"]
[PlyCount "126"]
[EventDate "2023.08.07"]
[EventType "swiss"]
[EventRounds "9"]
[EventCountry "LAT"]
[SourceTitle "CBM 215 Extra"]
[Source "ChessBase"]
[SourceDate "2023.09.30"]
[SourceVersion "1"]
[SourceVersionDate "2023.09.30"]
[SourceQuality "1"]

1. d4 Nf6 2. c4 g6 3. Nc3 Bg7 4. Nf3 0-0 5. h3 d6 6. Bf4 Nbd7 7. e3 b6 8. Be2 Bb7 9. 0-0 Ne4 10. Bh2 Nxc3 11. bxc3 e5 12. a4 a5 13. Qb3 Qe7 14. Rfe1 Kh8 15. Rad1 Rae8 16. Qb5 f5 17. dxe5 Nxe5 18. Nxe5 Bxe5 19. Bxe5+ Qxe5 20. Qxe5+ Rxe5 21. Bf3 Ba6 22. Bd5 Rfe8 23. g3 Bc8 24. Bc6 R8e7 25. Rd5 Kg7 26. Red1 Kf6 27. R1d3 Ba6 28. R5d4 Rc5 29. Bd5 Rxd5 30. cxd5 Bxd3 31. Rxd3 Re4 32. c4 Rxc4 33. Kf1 Ke7 34. Ra3 Kf6 35. f4 Rc2 36. Rd3 Ke7 37. Rd4 Rb2 38. Rd3 h5 39. Kg1 Rb4 40. Rc3 Kd7 41. Ra3 Rb1+ 42. Kg2 Rd1 43. g4 hxg4 44. hxg4 Rxd5 45. Kg3 Ke6 46. gxf5+ gxf5 47. Kf3 Rc5 48. Ra2 Rc4 49. Rh2 Rxa4 50. Rh6+ Kf7 51. Rh7+ Kf6 52. Rxc7 Rb4 53. Rh7 a4 54. Rh6+ Ke7 55. Rh7+ Ke6 56. Rh6+ Kd7 57. Rh7+ Ke6 58. Rh6+ Kd5 59. e4+ fxe4+ 60. Kg4 Rb1 61. f5 a3 62. Rh2 Rg1+ 63. Kf4 Rf1+ 0-1

[Event "Riga Tech Rapid op"]
[Site "Riga"]
[Date "2023.08.06"]
[Round "5"]
[White "Krivonosov, Oleg"]
[Black "Kretainis, Kristaps"]
[Result "1/2-1/2"]
[WhiteElo "2363"]
[BlackElo "2182"]
[PlyCount "96"]
[EventDate "2023.08.06"]
[EventType "swiss (rapid)"]
[EventRounds "9"]
[EventCountry "LAT"]
[SourceTitle "CBM 215 Extra"]
[Source "ChessBase"]
[SourceDate "2023.09.30"]
[SourceVersion "1"]
[SourceVersionDate "2023.09.30"]
[SourceQuality "1"]

1. Nf3 Nf6 2. c4 c6 3. d4 d5 4. cxd5 cxd5 5. Nc3 Nc6 6. Bf4 a6 7. Rc1 Ne4 8. a3 Bf5 9. e3 e6 10. Ne5 Rc8 11. Nxc6 Rxc6 12. Nxe4 Rxc1 13. Qxc1 Bxe4 14. Qc3 Be7 15. f3 Bg6 16. Be2 0-0 17. 0-0 Bd6 18. Bxd6 Qxd6 19. Rc1 Rb8 20. Bd3 Bxd3 21. Qxd3 Qb6 22. Qc3 Rf8 23. b4 Qb5 24. Kf2 g6 25. Qb3 Qd7 26. Qc2 h5 27. h4 Qe7 28. g3 Qd7 29. a4 e5 30. dxe5 Qh3 31. f4 Rd8 32. Qc7 Rd7 33. Qb8+ Kg7 34. Rc8 Qh2+ 35. Kf1 Qh1+ 36. Ke2 Qg2+ 37. Kd3 Qe4+ 38. Ke2 Qg2+ 39. Kd1 Qf1+ 40. Kd2 Qf2+ 41. Kd3 Qf1+ 42. Kd2 Qf2+ 43. Kd3 Qf1+ 44. Kd4 Qd1+ 45. Kc5 Qc1+ 46. Kb6 Qxe3+ 47. Ka5 b6+ 48. Kxa6 Qf2 1/2-1/2

[Event "LAT-ch"]
[Site "Riga"]
[Date "2023.05.05"]
[Round "9"]
[White "Kretainis, Kristaps"]
[Black "Batashevs, Arsens"]
[Result "1-0"]
[WhiteElo "2169"]
[BlackElo "2180"]
[PlyCount "36"]
[EventDate "2023.04.29"]
[EventType "swiss"]
[EventRounds "9"]
[EventCountry "LAT"]
[SourceTitle "EXT 2024"]
[Source "ChessBase"]
[SourceDate "2023.10.10"]
[SourceVersion "1"]
[SourceVersionDate "2023.10.10"]
[SourceQuality "1"]

1. e4 g6 2. d4 Bg7 3. Nc3 c5 4. dxc5 Bxc3+ 5. bxc3 Qa5 6. Qd4 Nf6 7. Qb4 Qc7 8. Nf3 Nc6 9. Qa4 b6 10. cxb6 Qxb6 11. Bd3 Qc5 12. 0-0 Qh5 13. Rb1 a6 14. h3 g5 15. e5 Nd5 16. Bd2 Nf4 17. Bxf4 gxf4 18. Qxf4 Rg8 1-0

[Event "Riga Tech op 11th"]
[Site "Riga"]
[Date "2022.08.16"]
[Round "2"]
[White "Kretainis, Kristaps"]
[Black "Stremavicius, Titas"]
[Result "0-1"]
[WhiteElo "2177"]
[BlackElo "2526"]
[PlyCount "90"]
[EventDate "2022.08.15"]
[EventType "swiss"]
[EventRounds "9"]
[EventCountry "LAT"]
[SourceTitle "CBM 209 Extra"]
[Source "ChessBase"]
[SourceDate "2022.09.30"]
[SourceVersion "1"]
[SourceVersionDate "2022.09.30"]
[SourceQuality "1"]

1. e4 c5 2. c3 Nf6 3. e5 Nd5 4. Nf3 e6 5. g3 Nc6 6. Bg2 d6 7. exd6 Bxd6 8. 0-0 0-0 9. Na3 Be7 10. Nc4 b6 11. Qe2 Bb7 12. a4 Qc7 13. d3 Rfe8 14. Re1 Bf8 15. a5 Rad8 16. axb6 axb6 17. Nfe5 Nxe5 18. Qxe5 Qxe5 19. Nxe5 f6 20. Ra7 Ba8 21. Nc4 b5 22. Na3 Bc6 23. Ra6 Bd7 24. Nc2 b4 25. c4 b3 26. cxd5 bxc2 27. dxe6 Bb5 28. Rb6 Bxd3 29. Bf3 c4 30. Kg2 Bc5 31. Rb7 Re7 32. Rb5 Bd4 33. Rd5 Rxd5 34. Bxd5 Kf8 35. b3 cxb3 36. Bxb3 Bc5 37. Bd5 Ra7 38. Bd2 Ra6 39. Bf4 g5 40. Bc1 Ra1 41. h4 h6 42. hxg5 hxg5 43. f4 g4 44. f5 Ke7 45. Rh1 Rxc1 0-1

[Event "Riga Tech Rapid op"]
[Site "Riga"]
[Date "2022.08.14"]
[Round "8"]
[White "Hryzlova, Sofiia"]
[Black "Kretainis, Kristaps"]
[Result "0-1"]
[WhiteElo "2293"]
[BlackElo "2177"]
[PlyCount "72"]
[EventDate "2022.08.14"]
[EventType "swiss (rapid)"]
[EventRounds "9"]
[EventCountry "LAT"]
[SourceTitle "CBM 209 Extra"]
[Source "ChessBase"]
[SourceDate "2022.09.30"]
[SourceVersion "1"]
[SourceVersionDate "2022.09.30"]
[SourceQuality "1"]

1. d4 d5 2. c4 c5 3. Nf3 Nf6 4. Nc3 cxd4 5. Nxd4 e5 6. Nf3 d4 7. Nb5 Nc6 8. e3 a6 9. Na3 Bb4+ 10. Bd2 dxe3 11. fxe3 Bxa3 12. bxa3 e4 13. Ng1 0-0 14. Ne2 Ne5 15. Nf4 Bg4 16. Be2 Bxe2 17. Qxe2 Nd3+ 18. Nxd3 exd3 19. Qf3 Qc7 20. 0-0 Qxc4 21. Qxb7 Rab8 22. Qf3 Ne4 23. Bb4 Rfd8 24. Rac1 Qd5 25. Rfd1 Rbc8 26. Rb1 f5 27. Qf1 a5 28. Be7 Rd7 29. Bh4 d2 30. Qa6 Ra8 31. Qb6 h6 32. Rb5 Qd6 33. Qxd6 Rxd6 34. Bg3 Rc6 35. Rxf5 Rc1 36. Rff1 Rac8 0-1

[Event "Riga Tech Rapid op"]
[Site "Riga"]
[Date "2022.08.14"]
[Round "1"]
[White "Kretainis, Kristaps"]
[Black "Kokk, Karl Mattias"]
[Result "1-0"]
[WhiteElo "2177"]
[BlackElo "1526"]
[PlyCount "37"]
[EventDate "2022.08.14"]
[EventType "swiss (rapid)"]
[EventRounds "9"]
[EventCountry "LAT"]
[SourceTitle "CBM 209 Extra"]
[Source "ChessBase"]
[SourceDate "2022.09.30"]
[SourceVersion "1"]
[SourceVersionDate "2022.09.30"]
[SourceQuality "1"]

1. e4 c5 2. c3 Nf6 3. e5 Nd5 4. g3 Nc6 5. Bg2 Nb6 6. Nf3 d5 7. exd6 Qxd6 8. 0-0 e5 9. Na3 a6 10. Re1 Be7 11. Qe2 f6 12. d4 cxd4 13. cxd4 Nxd4 14. Nxd4 Qxd4 15. Be3 Qd6 16. Red1 Qe6 17. Rac1 0-0 18. Nc4 Rd8 19. Nxb6 1-0

[Event "Riga Tech Rapid op"]
[Site "Riga"]
[Date "2022.08.14"]
[Round "5"]
[White "Kretainis, Kristaps"]
[Black "Piksis, Davids"]
[Result "1-0"]
[WhiteElo "2177"]
[BlackElo "1644"]
[PlyCount "99"]
[EventDate "2022.08.14"]
[EventType "swiss (rapid)"]
[EventRounds "9"]
[EventCountry "LAT"]
[SourceTitle "CBM 209 Extra"]
[Source "ChessBase"]
[SourceDate "2022.09.30"]
[SourceVersion "1"]
[SourceVersionDate "2022.09.30"]
[SourceQuality "1"]

1. e4 c5 2. c3 d5 3. exd5 Qxd5 4. d4 Nc6 5. Nf3 Bg4 6. Be2 e6 7. 0-0 Nf6 8. Be3 cxd4 9. Nxd4 Bxe2 10. Qxe2 Be7 11. Rd1 Nxd4 12. Rxd4 Qc6 13. Nd2 0-0 14. Nf3 Rfd8 15. Rad1 Rxd4 16. Nxd4 Qe4 17. Nb5 Nd5 18. Qd3 Qxd3 19. Rxd3 Nxe3 20. fxe3 a6 21. Nd4 Rd8 22. Rd2 Bc5 23. Kf2 Bxd4 24. exd4 Kf8 25. Ke3 Ke7 26. c4 b6 27. b4 f5 28. a4 g5 29. g3 h5 30. Rb2 Kd6 31. a5 b5 32. cxb5 axb5 33. Rc2 Rb8 34. Rc5 Kd7 35. d5 exd5 36. Rxd5+ Ke6 37. Rc5 Kf6 38. h4 gxh4 39. gxh4 Re8+ 40. Kf3 Rb8 41. Kf4 Kg6 42. Rxf5 Rd8 43. Rxb5 Rd4+ 44. Ke5 Rxh4 45. a6 Rh2 46. a7 Re2+ 47. Kd6 Rd2+ 48. Kc7 Rc2+ 49. Kb7 h4 50. a8Q 1-0

[Event "LAT-ch"]
[Site "Riga"]
[Date "2022.05.03"]
[Round "8"]
[White "Kretainis, Kristaps"]
[Black "Gobleja, Karlis"]
[Result "1-0"]
[WhiteElo "2258"]
[BlackElo "1749"]
[PlyCount "77"]
[EventDate "2022.04.27"]
[EventType "swiss"]
[EventRounds "9"]
[EventCountry "LAT"]
[SourceTitle "CBM 208 Extra"]
[Source "ChessBase"]
[SourceDate "2022.07.31"]
[SourceVersion "1"]
[SourceVersionDate "2022.07.31"]
[SourceQuality "1"]

1. e4 c5 2. c3 d5 3. exd5 Qxd5 4. d4 Nc6 5. Nf3 Nf6 6. dxc5 Qxc5 7. Na3 Ng4 8. Qe2 a6 9. h3 Nge5 10. Bf4 Nxf3+ 11. Qxf3 e5 12. Be3 Qe7 13. Nc4 Be6 14. Bb6 Nd4 15. cxd4 Qb4+ 16. Qc3 Bxc4 17. Bxc4 Qxb6 18. 0-0 Bb4 19. Qf3 0-0 20. dxe5 Rae8 21. Rad1 Re7 22. Rd5 Qc7 23. Qe4 Bc5 24. b4 Bd6 25. Bd3 f5 26. Qc4 Qxc4 27. Bxc4 Bxb4 28. Rd8+ Ref7 29. Rfd1 b5 30. Bb3 g6 31. Rxf8+ Kxf8 32. Bxf7 Kxf7 33. f4 Ke6 34. Kf2 Bc5+ 35. Kf3 b4 36. Rd8 g5 37. g3 h5 38. fxg5 Kxe5 39. Ra8 1-0

[Event "LAT-ch"]
[Site "Riga"]
[Date "2022.04.29"]
[Round "3"]
[White "Savicevs, Arsenijs"]
[Black "Kretainis, Kristaps"]
[Result "0-1"]
[WhiteElo "1738"]
[BlackElo "2258"]
[PlyCount "128"]
[EventDate "2022.04.27"]
[EventType "swiss"]
[EventRounds "9"]
[EventCountry "LAT"]
[SourceTitle "CBM 208 Extra"]
[Source "ChessBase"]
[SourceDate "2022.07.31"]
[SourceVersion "1"]
[SourceVersionDate "2022.07.31"]
[SourceQuality "1"]

1. Nf3 b6 2. g3 Bb7 3. Bg2 Nf6 4. 0-0 g6 5. b3 Bg7 6. Bb2 0-0 7. c4 d6 8. d4 e6 9. Nbd2 Nbd7 10. Qc2 c5 11. Rac1 Qc7 12. Rfd1 Rfd8 13. Qb1 Rac8 14. Qa1 cxd4 15. Nxd4 a6 16. Bxb7 Qxb7 17. N2f3 e5 18. Nc2 Bh6 19. Rxd6 Bxc1 20. Qxc1 Ne8 21. Rd5 f6 22. Qd2 Qc7 23. Ne3 Nc5 24. Ba3 Ne6 25. Rxd8 Qxd8 26. Nd5 Nc5 27. Qe3 a5 28. Nd2 Nd6 29. f4 Nf5 30. Qf2 Rc6 31. fxe5 fxe5 32. Bb2 Re6 33. Nf3 Ne4 34. Qf1 Qd6 35. e3 Ne7 36. Qd1 Nxd5 37. Qxd5 Qxd5 38. cxd5 Rd6 39. Nxe5 Rxd5 40. Bd4 a4 41. Nc6 Rd6 42. Ne7+ Kf7 43. Nc8 Rc6 44. Nxb6 axb3 45. axb3 Rc1+ 46. Kg2 Rb1 47. Nc4 Rxb3 48. h4 Rb4 49. Kf3 Rxc4 50. Kxe4 Rc1 51. Kd5 Rd1 52. Kd6 h6 53. Kd5 g5 54. hxg5 hxg5 55. Kd6 Kg6 56. Ke6 Kh5 57. Kf5 Rf1+ 58. Ke4 Kg4 59. Be5 Rd1 60. Bc7 Rd7 61. Bb8 Re7+ 62. Be5 Re8 63. Kd5 Kf3 64. e4 g4 0-1

[Event "LAT-ch"]
[Site "Riga"]
[Date "2022.04.28"]
[Round "2"]
[White "Kretainis, Kristaps"]
[Black "Krilovs, Nikolaijs"]
[Result "1/2-1/2"]
[WhiteElo "2258"]
[BlackElo "2041"]
[PlyCount "45"]
[EventDate "2022.04.27"]
[EventType "swiss"]
[EventRounds "9"]
[EventCountry "LAT"]
[SourceTitle "CBM 208 Extra"]
[Source "ChessBase"]
[SourceDate "2022.07.31"]
[SourceVersion "1"]
[SourceVersionDate "2022.07.31"]
[SourceQuality "1"]

1. b3 d5 2. Nf3 Bg4 3. Bb2 Nd7 4. g3 Ngf6 5. Bg2 e6 6. d3 Bb4+ 7. Nbd2 a5 8. a3 Be7 9. 0-0 0-0 10. h3 Bxf3 11. Nxf3 a4 12. b4 c5 13. bxc5 Bxc5 14. e3 Qb6 15. Rb1 Qa6 16. Nd4 Rac8 17. g4 Rfd8 18. Nb5 Ne8 19. Bd4 Nd6 20. Nxd6 Bxd6 21. c4 Nc5 22. cxd5 exd5 23. Bxc5 1/2-1/2

[Event "LAT-ch"]
[Site "Riga"]
[Date "2022.04.27"]
[Round "1"]
[White "Pogrebnojs, Dmitrijs"]
[Black "Kretainis, Kristaps"]
[Result "1/2-1/2"]
[WhiteElo "1993"]
[BlackElo "2258"]
[PlyCount "41"]
[EventDate "2022.04.27"]
[EventType "swiss"]
[EventRounds "9"]
[EventCountry "LAT"]
[SourceTitle "CBM 208 Extra"]
[Source "ChessBase"]
[SourceDate "2022.07.31"]
[SourceVersion "1"]
[SourceVersionDate "2022.07.31"]
[SourceQuality "1"]

1. e4 d6 2. d4 Nf6 3. Nc3 e5 4. Bc4 exd4 5. Qxd4 Nc6 6. Qe3 Be7 7. h3 Nb4 8. Bb3 Be6 9. Qe2 Bxb3 10. axb3 0-0 11. Nf3 d5 12. exd5 Re8 13. 0-0 Nfxd5 14. Rd1 Bd6 15. Qc4 Nb6 16. Qg4 Nxc2 17. Ra5 Qe7 18. Bh6 f6 19. Ne4 Kh8 20. Nxd6 cxd6 21. Rc1 1/2-1/2

[Event "LAT-ch"]
[Site "Riga"]
[Date "2021.09.21"]
[Round "6"]
[White "Kretainis, Kristaps"]
[Black "Mierins, Eriks"]
[Result "1-0"]
[WhiteElo "2249"]
[BlackElo "2191"]
[PlyCount "119"]
[EventDate "2021.09.17"]
[EventType "swiss"]
[EventRounds "8"]
[EventCountry "LAT"]
[SourceTitle "EXT 2022"]
[Source "ChessBase"]
[SourceDate "2021.10.06"]
[SourceVersion "1"]
[SourceVersionDate "2021.10.06"]
[SourceQuality "1"]

1. e4 e5 2. Bc4 Nf6 3. d3 c6 4. Nf3 d5 5. Bb3 Nbd7 6. 0-0 Be7 7. Nc3 dxe4 8. Nxe4 Nxe4 9. dxe4 0-0 10. Qe2 Qc7 11. c3 Nc5 12. Bc2 Bg4 13. h3 Bh5 14. Be3 b6 15. Bxc5 Bxc5 16. g4 Bg6 17. Nh4 Qe7 18. Nf5 Bxf5 19. exf5 Rad8 20. Rad1 Qh4 21. Kg2 a5 22. Be4 Qh6 23. a3 b5 24. Qf3 Rd2 25. Rxd2 Qxd2 26. b4 Bb6 27. Bxc6 Rc8 28. bxa5 Bxa5 29. Bxb5 Bxc3 30. a4 h6 31. Rd1 e4 32. Qe2 Qf4 33. Qe3 Qxe3 34. fxe3 Kf8 35. Rd6 Ke7 36. Rc6 Rxc6 37. Bxc6 Kd6 38. Bxe4 Ke5 39. Kf3 Ba5 40. Bc2 Bb6 41. Ke2 Kf6 42. Bb3 g6 43. fxg6 fxg6 44. Kd3 Ke5 45. Bf7 g5 46. e4 Bd8 47. Bd5 Kd6 48. Kc4 Bf6 49. Kb5 Bd4 50. a5 Be3 51. Ka6 Kc7 52. e5 Bd4 53. e6 Bc5 54. Kb5 Be3 55. a6 Kd6 56. Kc4 Ba7 57. Kd3 Ke7 58. Ke4 Kf6 59. Bc4 Bb8 60. Kd5 1-0

[Event "LAT-ch"]
[Site "Riga"]
[Date "2021.09.20"]
[Round "5"]
[White "Saveljevs, Aleksandrs1111"]
[Black "Kretainis, Kristaps"]
[Result "1/2-1/2"]
[WhiteElo "1976"]
[BlackElo "2249"]
[PlyCount "102"]
[EventDate "2021.09.17"]
[EventType "swiss"]
[EventRounds "8"]
[EventCountry "LAT"]
[SourceTitle "EXT 2022"]
[Source "ChessBase"]
[SourceDate "2021.10.06"]
[SourceVersion "1"]
[SourceVersionDate "2021.10.06"]
[SourceQuality "1"]

1. e4 d6 2. d4 Nf6 3. f3 e5 4. dxe5 dxe5 5. Qxd8+ Kxd8 6. Bc4 Be6 7. Bxe6 fxe6 8. Be3 Bd6 9. Nd2 Ke7 10. 0-0-0 Nc6 11. Ne2 h6 12. h4 Nd7 13. h5 Bc5 14. Nc4 Bxe3+ 15. Nxe3 Nf6 16. g4 Rhf8 17. Ng2 Nh7 18. Nh4 Ke8 19. Kd2 Ng5 20. Ke3 Rd8 21. c3 Rf7 22. Rxd8+ Kxd8 23. Rd1+ Rd7 24. Rxd7+ Kxd7 25. Ng6 Kd6 26. Nc1 Ne7 27. Nxe5 Kxe5 28. f4+ Kd6 29. fxg5 hxg5 30. Nd3 Nc6 31. c4 b6 32. b4 e5 33. a3 Ke6 34. Ne1 Nd8 35. Nf3 Kf6 36. Nd2 Ke6 37. Nf3 Nf7 38. Kd3 Kd6 39. Kc3 a6 40. Kd3 c5 41. b5 axb5 42. cxb5 Nh6 43. Nh2 Ng8 44. Nf1 Nf6 45. Ne3 Kc7 46. a4 Kb7 47. Nf5 Nxg4 48. Nxg7 Nf2+ 49. Ke3 Ng4+ 50. Kd3 Nf2+ 51. Ke3 Ng4+ 1/2-1/2

[Event "Riga Tech op-A"]
[Site "Riga"]
[Date "2021.08.14"]
[Round "8"]
[White "Kretainis, Kristaps"]
[Black "Coenen, Michael"]
[Result "1-0"]
[WhiteElo "2192"]
[BlackElo "2362"]
[PlyCount "107"]
[EventDate "2021.08.09"]
[EventType "swiss"]
[EventRounds "9"]
[EventCountry "LAT"]
[SourceTitle "CBM 203 Extra"]
[Source "ChessBase"]
[SourceDate "2021.09.30"]
[SourceVersion "1"]
[SourceVersionDate "2021.09.30"]
[SourceQuality "1"]

1. e4 c5 2. c3 d6 3. d4 cxd4 4. cxd4 Nf6 5. Nc3 g6 6. Nf3 Bg7 7. Be2 0-0 8. 0-0 a6 9. a4 Bg4 10. Be3 Nc6 11. d5 Bxf3 12. Bxf3 Na5 13. Be2 Nd7 14. Ra3 Rc8 15. Bd4 Bxd4 16. Qxd4 Qb6 17. Qxb6 Nxb6 18. b4 Nac4 19. Ra2 Nd2 20. Rxd2 Rxc3 21. a5 Nd7 22. Rb1 Rfc8 23. f3 f5 24. exf5 Rc1+ 25. Rd1 Rxd1+ 26. Rxd1 gxf5 27. Bd3 Nf6 28. Bxf5 Rc4 29. Rb1 Kg7 30. Be6 Rd4 31. Bc8 Nxd5 32. b5 Ra4 33. b6 Nc3 34. Rb3 Ra1+ 35. Kf2 Ra2+ 36. Ke1 Ra1+ 37. Kd2 Na4 38. Bxb7 Nc5 39. Re3 Rxa5 40. Rxe7+ Kf6 41. Rxh7 Rb5 42. Ke3 Rb3+ 43. Kd4 Rxb6 44. Bd5 Rb2 45. Rh6+ Ke7 46. g4 Rd2+ 47. Kc4 a5 48. g5 a4 49. Rh7+ Kf8 50. Rf7+ Ke8 51. g6 Nd7 52. Rxd7 Kxd7 53. g7 Rg2 54. g8Q 1-0

[Event "Riga Tech op-A"]
[Site "Riga"]
[Date "2021.08.13"]
[Round "7"]
[White "Akesson, Ralf"]
[Black "Kretainis, Kristaps"]
[Result "1/2-1/2"]
[WhiteElo "2395"]
[BlackElo "2192"]
[PlyCount "123"]
[EventDate "2021.08.09"]
[EventType "swiss"]
[EventRounds "9"]
[EventCountry "LAT"]
[SourceTitle "CBM 203 Extra"]
[Source "ChessBase"]
[SourceDate "2021.09.30"]
[SourceVersion "1"]
[SourceVersionDate "2021.09.30"]
[SourceQuality "1"]

1. d4 d5 2. c4 c5 3. cxd5 Nf6 4. Nf3 cxd4 5. Qa4+ Qd7 6. Qxd4 Qxd5 7. Nc3 Qxd4 8. Nxd4 e5 9. Ndb5 Na6 10. Bg5 Bd7 11. e4 Bc5 12. Rc1 Ng4 13. Bh4 g5 14. Bg3 f6 15. Nd5 Kf7 16. Bc4 Kg7 17. 0-0 Nh6 18. Nbc7 Nxc7 19. Nxc7 Rac8 20. Ne6+ Bxe6 21. Bxe6 Rc7 22. h4 gxh4 23. Bxh4 Nf7 24. Rc3 b6 25. b4 Bd6 26. Rxc7 Bxc7 27. Rc1 Bd6 28. a3 Ng5 29. Bf5 h6 30. f3 Kf7 31. Bf2 Ne6 32. Be3 Nd4 33. Kf2 Nxf5 34. exf5 h5 35. Ke2 Rg8 36. Rg1 Rc8 37. Kd3 e4+ 38. fxe4 Be5 39. Rc1 Rg8 40. Rh1 Rxg2 41. Rxh5 Kg7 42. Bh6+ Kg8 43. Rh3 b5 44. Bd2 Kg7 45. Bh6+ Kg8 46. Rh1 Rb2 47. Rg1+ Kh7 48. Bc1 Rb3+ 49. Ke2 Rc3 50. Rd1 a6 51. Rd7+ Kg8 52. Kd1 Rc6 53. Be3 Rc3 54. Bc1 Rc6 55. Bd2 Kf8 56. Ra7 Bb2 57. Be3 Bxa3 58. Bc5+ Ke8 59. Kd2 Bb2 60. Kd3 Be5 61. Rb7 Kd8 62. Ra7 1/2-1/2

[Event "LAT-ch"]
[Site "Riga"]
[Date "2020.08.26"]
[Round "4"]
[White "Semjonovs, Ilja"]
[Black "Kretainis, Kristaps"]
[Result "1-0"]
[WhiteElo "2368"]
[BlackElo "2252"]
[PlyCount "91"]
[EventDate "2020.08.24"]
[EventType "swiss"]
[EventRounds "9"]
[EventCountry "LAT"]
[SourceTitle "CBM 198 Extra"]
[Source "ChessBase"]
[SourceDate "2020.11.30"]
[SourceVersion "1"]
[SourceVersionDate "2020.11.30"]
[SourceQuality "1"]

1. e4 e5 2. Nf3 Nc6 3. Bb5 Bc5 4. 0-0 Nd4 5. Nxd4 Bxd4 6. c3 Bb6 7. d4 c6 8. Ba4 d6 9. h3 Nf6 10. Bc2 0-0 11. Be3 Re8 12. Nd2 d5 13. dxe5 Rxe5 14. Bd4 Re8 15. e5 c5 16. exf6 cxd4 17. fxg7 Qf6 18. Qh5 Qxg7 19. Nf3 dxc3 20. bxc3 h6 21. Bb3 Be6 22. Bxd5 Bxd5 23. Qxd5 Qxc3 24. Qxb7 Qb2 25. Rab1 Qxa2 26. Rb4 Qe6 27. Rg4+ Kf8 28. Nd2 Rad8 29. Nc4 Bd4 30. Qb4+ Qe7 31. Qd2 Bg7 32. Qc2 h5 33. Rg3 Qe4 34. Qb3 Re6 35. Qa3+ Kg8 36. Ne3 Ra8 37. Qc5 Rg6 38. Nf5 Rxg3 39. fxg3 Bf8 40. Qc1 Qe6 41. g4 hxg4 42. Rf4 Bd6 43. Rxg4+ Kf8 44. Nxd6 Qxd6 45. Qa1 Rb8 46. Qg7+ 1-0

[Event "Riga Old Town Pullman 3rd"]
[Site "Riga"]
[Date "2020.02.29"]
[Round "5"]
[White "Chukavin, Kirill"]
[Black "Kretainis, Kristaps"]
[Result "1/2-1/2"]
[WhiteElo "2348"]
[BlackElo "2259"]
[PlyCount "110"]
[EventDate "2020.02.29"]
[EventType "swiss"]
[EventRounds "9"]
[EventCountry "LAT"]
[SourceTitle "CBM 195 Extra"]
[Source "ChessBase"]
[SourceDate "2020.05.31"]
[SourceVersion "1"]
[SourceVersionDate "2020.05.31"]
[SourceQuality "1"]

1. e4 e6 2. d4 d5 3. Nd2 a6 4. Ngf3 Nf6 5. Bd3 c5 6. exd5 exd5 7. dxc5 Bxc5 8. 0-0 0-0 9. Nb3 Ba7 10. h3 Nc6 11. c3 Ne4 12. Nbd4 Nxd4 13. Nxd4 Bxd4 14. cxd4 Re8 15. Qb3 b5 16. Bf4 Bb7 17. Rac1 Qh4 18. g3 Qxh3 19. Rc7 Nf6 20. Qc2 Bc8 21. f3 Nh5 22. Qg2 Qxg2+ 23. Kxg2 Nxf4+ 24. gxf4 g6 25. Rfc1 Be6 26. R1c6 Rec8 27. Rxc8+ Bxc8 28. Kg3 Be6 29. f5 gxf5 30. Kf4 Kg7 31. Bxf5 Bxf5 32. Kxf5 Re8 33. Rxa6 Re2 34. b3 h5 35. Kg5 Rd2 36. Ra5 b4 37. Rxd5 Rxa2 38. Rb5 Rf2 39. Kf4 h4 40. Rxb4 h3 41. Rb5 Rd2 42. Ke3 h2 43. Rh5 Rb2 44. Kf4 Kf6 45. Rh6+ Ke7 46. Kg3 Rxb3 47. Rxh2 Rd3 48. Rh4 Ke6 49. Re4+ Kd5 50. Re5+ Kd6 51. Re4 Kd5 52. Re5+ Kd6 53. Rf5 Rxd4 54. Rxf7 Ke6 55. Rf4 Rxf4 1/2-1/2

[Event "Riga Old Town Pullman 3rd"]
[Site "Riga"]
[Date "2020.02.29"]
[Round "7"]
[White "Kretainis, Kristaps"]
[Black "Kengis, Edvins"]
[Result "1/2-1/2"]
[WhiteElo "2259"]
[BlackElo "2536"]
[PlyCount "88"]
[EventDate "2020.02.29"]
[EventType "swiss"]
[EventRounds "9"]
[EventCountry "LAT"]
[SourceTitle "CBM 195 Extra"]
[Source "ChessBase"]
[SourceDate "2020.05.31"]
[SourceVersion "1"]
[SourceVersionDate "2020.05.31"]
[SourceQuality "1"]

1. e4 g6 2. d4 Bg7 3. Nf3 d6 4. Bc4 e6 5. 0-0 b6 6. e5 d5 7. Bb5+ c6 8. Be2 Ba6 9. b3 Bxe2 10. Qxe2 Ne7 11. c4 h6 12. Nc3 0-0 13. Ba3 Re8 14. Rac1 Nd7 15. Bxe7 Qxe7 16. cxd5 exd5 17. Qd3 Qe6 18. Ne2 Rac8 19. Nf4 Qg4 20. g3 Nf8 21. h3 Qd7 22. Kg2 Ne6 23. Nxe6 Rxe6 24. Nh4 c5 25. f4 Rec6 26. dxc5 bxc5 27. Rfd1 d4 28. Qe4 Ra6 29. Rd2 Re6 30. Rc4 f5 31. Qc2 Qd5+ 32. Kh2 Rec6 33. Qd3 Bf8 34. Re2 Be7 35. Nf3 Kg7 36. Nd2 Rf8 37. Rc2 g5 38. Nc4 Rg6 39. Rg2 Qe4 40. Qf1 Kh7 41. Rce2 Qd5 42. Ref2 Qe4 43. Re2 Qd5 44. Ref2 Qe4 1/2-1/2

[Event "Riga RTU rapid op"]
[Site "Riga"]
[Date "2019.07.04"]
[Round "3"]
[White "Kretainis, Kristaps"]
[Black "Svane, Rasmus"]
[Result "0-1"]
[WhiteElo "2252"]
[BlackElo "2612"]
[PlyCount "48"]
[EventDate "2019.07.04"]
[EventType "swiss (rapid)"]
[EventRounds "9"]
[EventCountry "LAT"]
[SourceTitle "EXT 2020"]
[Source "ChessBase"]
[SourceDate "2019.10.17"]
[SourceVersion "1"]
[SourceVersionDate "2019.10.17"]
[SourceQuality "1"]

1. e4 c6 2. d4 d5 3. Nd2 dxe4 4. Nxe4 Nf6 5. Nxf6+ exf6 6. c3 Bd6 7. Bd3 0-0 8. Qc2 Re8+ 9. Ne2 h5 10. h3 h4 11. Bd2 Be6 12. c4 Nd7 13. Bc3 Rc8 14. Qd2 a6 15. 0-0-0 b5 16. c5 Bc7 17. Nf4 Bxa2 18. Bf5 a5 19. d5 Nxc5 20. Bc2 b4 21. Bd4 Ne4 22. Bxe4 Rxe4 23. d6 Qxd6 24. Nh5 Qd5 0-1

[Event "LAT-ch"]
[Site "Riga"]
[Date "2019.05.02"]
[Round "5"]
[White "Starostits, Ilmars"]
[Black "Kretainis, Kristaps"]
[Result "1-0"]
[WhiteElo "2457"]
[BlackElo "2255"]
[PlyCount "79"]
[EventDate "2019.04.29"]
[EventType "swiss"]
[EventRounds "9"]
[EventCountry "LAT"]
[SourceTitle "CBM 190 Extra"]
[Source "ChessBase"]
[SourceDate "2019.07.15"]
[SourceVersion "1"]
[SourceVersionDate "2019.07.15"]
[SourceQuality "1"]

1. d4 Nf6 2. Nf3 e6 3. e3 c5 4. Bd3 d5 5. b3 Qc7 6. 0-0 c4 7. bxc4 dxc4 8. Be2 b5 9. c3 Bb7 10. a4 a6 11. Na3 Qa5 12. Bd2 Nbd7 13. Qc2 Bxa3 14. Rxa3 0-0 15. Rfa1 Qc7 16. axb5 axb5 17. Qb2 Rxa3 18. Rxa3 Rb8 19. Ne1 Bc6 20. Nc2 Nb6 21. Nb4 Bb7 22. f3 Na4 23. Qc1 Nd5 24. e4 Nxb4 25. Bf4 Qb6 26. Bxb8 Nc6 27. Bg3 e5 28. Bf2 exd4 29. Bxc4 bxc4 30. Rxa4 Qb5 31. Ra1 d3 32. Qb1 Qxb1+ 33. Rxb1 Bc8 34. Rb6 d2 35. Rb1 f5 36. Be3 fxe4 37. fxe4 Kf7 38. Bxd2 Ke6 39. Bf4 Bd7 40. Kf2 1-0